Top 4 del fútbol inglés, 1888–2026 - Estadísticas

Estadísticas generales
  • Esta prueba ha sido intentada 7.525 veces
  • La puntuación promedio es 17 de 40
Estadísticas de respuestas
Club % Correcto
Liverpool
99%
Manchester City
99%
Manchester United
99%
Chelsea
97%
Arsenal
96%
Tottenham Hotspur
91%
Leicester City
87%
Aston Villa
84%
Newcastle United
76%
Nottingham Forest
75%
Everton
68%
West Ham United
64%
Wolverhampton Wanderers
62%
Leeds United
54%
Crystal Palace
46%
Blackburn Rovers
44%
Southampton
42%
Sunderland
42%
Burnley
33%
Norwich City
30%
Ipswich Town
27%
Queens Park Rangers
26%
Sheffield United
26%
Cardiff City
21%
Sheffield Wednesday
20%
Stoke City
20%
Watford
20%
West Bromwich Albion
20%
Derby County
18%
Bolton Wanderers
16%
Preston North End
15%
Portsmouth
14%
Blackpool
13%
Middlesbrough
12%
Huddersfield Town
9%
Charlton Athletic
8%
Bristol City
7%
Notts County
5%
Oldham Athletic
4%
Bury
3%
No se encontraron pruebas coincidentes
Distribución de puntuación
Porcentaje de gente con cada puntuación
Porcentaje por número respondido
Historial de tus puntuaciones
No has intentado esta prueba.